[Event "Sautron op 18th"]
[Site "Sautron "]
[Date "2018.10.20"]
[Round "4.21"]
[White "Cresswell, Patrick"]
[Black "Harutyunyan, Safar"]
[Result "0-1"]
[WhiteElo "1781"]
[BlackElo "2098"]
[PlyCount "104"]
[EventDate "2018.10.20"]
[EventType "swiss"]
[EventRounds "9"]
[EventCountry "FRA"]
[SourceTitle "EXT 2021"]
[Source "ChessBase"]
[SourceDate "2020.10.23"]
[SourceVersion "1"]
[SourceVersionDate "2020.10.23"]
[SourceQuality "1"]

1. d4 Nf6 2. Bf4 d6 3. Nf3 g6 4. e3 Bg7 5. h3 0-0 6. Bc4 c5 7. c3 Nbd7 8. 0-0 b6 9. Nbd2 Bb7 10. Re1 Qc7 11. Rc1 a6 12. a4 e5 13. Bh2 h6 14. e4 Rfe8 15. d5 Nf8 16. Nf1 Bc8 17. b4 Bd7 18. Ba2 h5 19. Kh1 Bh6 20. N3d2 Rec8 21. Qb3 b5 22. axb5 axb5 23. Rc2 Qa7 24. Ra1 cxb4 25. Qxb4 Qxf2 26. Qxd6 Ne8 27. Qxe5 Bg7 28. Qg5 Bf6 29. Qh6 Bg7 30. Qg5 Rxc3 31. Rac1 Rxc2 32. Rxc2 Nf6 33. Bg1 Nxe4 34. Bxf2 Nxg5 35. h4 Ngh7 36. Bb3 Nf6 37. Bd4 Ng4 38. Bxg7 Kxg7 39. g3 Ra1 40. Kg2 Nh7 41. Rc7 Nhf6 42. Nf3 Rb1 43. N1d2 Rb2 44. d6 Ne3+ 45. Kf2 Nf5 46. Ke1 Nxd6 47. Ne5 Nc4 48. Bxc4 bxc4 49. Nxd7 Nxd7 50. Rxc4 Ne5 51. Rc3 Ng4 52. Ke2 Nf6 0-1